Forecasting of Czech export time series

Bibliographic Details
Main Author: Marek, Luboš (Author)
Format: Article
Language:Slovak
English
Subjects:

MARC

LEADER 00000naa a2200000 ar4500
001 vtls009965600
003 SK-MaSNL
005 20260309150409.0
008 091102c2003 xo mr|p|||||||000 b|slo
015 |a SNBRA2009/10  |2 snkbucl 
038 |a SNKBUCL 
040 |a SNKBUCL  |b slo  |c SNKBUCL  |e AACR2 
041 0 |a eng  |b eng  |b slo 
044 |a xo  |c SK 
080 |a 339.564:336.748:519.246  |x (437.3)  |2 2001 
080 |a 336.748  |x (437.3)  |2 2001 
080 |a 519.246  |2 2001 
100 1 |a Marek, Luboš  |4 aut  |9 644016 
245 1 0 |a Forecasting of Czech export time series  |c Luboš Marek 
300 |b Grafy, príl., tab. 
504 |a Bibliogr. odkazy 
546 |a Res. angl., slov. 
650 0 7 |a vývoz  |2 snkbucl  |9 1067 
650 0 7 |a výmenný kurz  |2 snkbucl  |9 1043249 
650 0 7 |a prognózovanie  |2 snkbucl  |9 28472 
650 0 7 |a analýza časových radov  |2 snkbucl  |9 50122 
650 0 7 |a štatistické modely  |2 snkbucl  |9 75986 
651 7 |a Česko  |2 snkbucl  |9 16753 
773 0 |t Acta oeconomica N° 16  |d Banská Bystrica : Univerzita Mateja Bela, Ekonomická fakulta, 2003  |g S. 131-139  |z 8080558744 
852 |a SNK  |b KIS3GCP 
958 |a NB 
958 |a CZ 
999 |c 3367421  |d 3369351